A history of Metallurgy
সংরক্ষণ করুন:
| প্রধান লেখক: | |
|---|---|
| বিন্যাস: | গ্রন্থ |
| ভাষা: | ইংরেজি |
| প্রকাশিত: |
Quebec
Métallurgie Extractive Québec
1994
|
| বিষয়গুলি: | |
| ট্যাগগুলো: |
ট্যাগ যুক্ত করুন
কোনো ট্যাগ নেই, প্রথমজন হিসাবে ট্যাগ করুন!
|
MARC
| LEADER | 00000cam a2200000 a 4500 | ||
|---|---|---|---|
| 001 | UCF7588 | ||
| 003 | CL-VaPUC | ||
| 008 | 130627e19940000CN |||||||||||||||||eng|d | ||
| 020 | |a 298032471X | ||
| 082 | 0 | 4 | |a 669.09 |b HAB |2 21 |
| 100 | |a Habashi, Fathi |e author |9 622016 | ||
| 245 | 1 | 2 | |a A history of Metallurgy |
| 300 | |a 322 p | ||
| 942 | |c BK | ||
| 945 | |d 20130627 00:00:00 |a dcastane | ||
| 260 | |a Quebec |b Métallurgie Extractive Québec |c 1994 | ||
| 650 | 0 | |a Metalurgia |9 263720 | |
| 650 | 7 | |a HISTORIA DE LOS METALES |2 CL-VaPUC |9 569630 | |
| 583 | |a last modification |c 20130627 13:18:00 |k Rodrigo Vera | ||
| 999 | |c 352397 |d 352395 | ||
| 952 | |0 0 |1 0 |4 0 |6 669_090000000000000_HAB_1994 |7 0 |8 A |9 456904 |a BIBING |b BIBING |d 2019-11-22 |i 4981561 |o 669.09 HAB 1994 |p 4981561 |r 2025-01-20 |w 2019-11-22 |y BK |k EIQ | ||